000 00483nam a2200181Ia 4500
999 _c14262
_d14262
003 OSt
005 20210210153611.0
008 190216s9999||||xx |||||||||||||| ||und||
020 _a9788172242794
040 _coclc
082 _a920
_bLUD/N
100 _aLudwig, Emil
_93556
245 0 _aNapoleon /
_cEmil Ludwig
260 _bJaico Publishing House,
_aMumbai:
_c2004.
300 _a636p
650 _aEnglish
942 _cBK
_2ddc
_h920
_iLUD/N
_k920
_mLUD/N